000 00845nam a22002177a 4500
005 20250614144428.0
008 250614b |||||||| |||| 00| 0 eng d
037 _cTB
040 _aCRL
_cCRL
041 _2pun
_apun
084 _aO153,6x R4
_qCRL
100 _aਸੈਣੀ, ਸੰਜੀਵ ਸਿਂਘ
_9812887
245 _aਖੂਬਸੂਰਤ ਜ਼ਿੰਦਗੀ ਦਾ ਰਾਜ਼
260 _aਬਰਨਾਲਾ, ਭਾਰਤ:
_bਪੁਲੰਘ ਪ੍ਰਕਾਸ਼ਨ,
_c2024.
300 _a176 ਪ.
365 _b 325.00
_cINR
650 _aਪੰਜਾਬੀ ਸਾਹਿਤ
650 _aਪੰਜਾਬੀ ਨਿਬੰਧ
942 _2CC
_cTB
_hO153,6x R4
_n0
999 _c1431742
_d1431742